000 01022cad a22002055a 4500
001 E148531
008 090930e20090922xxk f 001 0 eng d
035 _a(Sirsi) u148531
041 0 _aeng
110 2 _aRoyal Institution of Chartered Surveyors
_94900
245 0 0 _aProperty funds to be regulated at EU level
_h[electronic resource]
260 _c2009
490 0 _aRICS Press Release
_v22 September 2009
520 _aA proposal of the European Commission to regulate "Alternative Investment Funds", originally intended for Hedge Funds and Private Equity Funds, now also includes Property Funds. RICS has reservations to this one-size-fits-all approach, due to the specific characteristics of Property Funds, as well as to the valuation aspect of the proposal.
590 _aKA
651 4 _aUnited Kingdom
_y
690 _aPROPERTY-PROPERTY FINANCE AND INVESTMENT
856 4 0 _uhttps://www.rics.org/site/scripts/news_article.aspx?newsID=868
_zView the news release free of charge at www.rics.org...
942 _n0
999 _c81875
_d81875